000 02585nam0a2200373 4500
001 RU\NLR\BIBL_A\022700271
005 20260420062142.0
010 _a978-5-7996-3989-1
_930
021 _aRU
_bКН-П-25-054946
_9КН-П-25-7562
035 _a(NLR Aleph) 022700271
090 _a13687571
_c13687571
100 _a20260114d2025 m y0rusy50 ca
101 0 _arus
102 _aRU
105 _ay j 000yy
181 0 _ai4
_baxxe
182 0 _an
200 1 _aОсновы социальной политики
_eучебное пособие
_eдля студентов вуза, обучающихся по направлениям подготовки 41.03.06 "Публичная политика и социальные науки", 38.03.04 "Государственное и муниципальное управление", 39.03.01 "Социология"
_fМ. В. Певная, Г. А. Банных, С. В. Соловьева [и др.]
_gпод общей редцкцией М. В. Певной
_fМинистерство науки и высшего образования Российской Федерации, Уральский федеральный университет имени первого президента России Б. Н. Ельцина
203 _aТекст
_bвизуальный
_cнепосредственный
210 _aЕкатеринбург
_cИзд-во Уральского университета
_d2025
215 _a274, [1] c.
_d20
300 _aАвт. указаны на обороте тит. л.
320 _aБиблиогр. в конце кн.
606 1 _aСоциальная политика
_jУчебные издания для высших учебных заведений
_yРоссийская Федерация
_92073979
_3RU\NLR\AUTH\661248939
686 1 _aУ27(2)2(2Р)я73
701 1 _aПевная
_bМ. В.
_gМария Владимировна
701 1 _aБанных
_bГ. А.
_gГалина Алексеевна
701 1 _7ca
_8rus
_aСоловьева
_bС. В.
_cканд. пед. наук, социология
_gСветлана Викторовна
_9146674
_3RU\NLR\AUTH\770146710
712 0 2 _4570
_aУральский федеральный университет им. первого Президента России Б. Н. Ельцина
_bИнститут экономики и управления
_cЕкатеринбург
_9701937
_3RU\NLR\AUTH\880520575
942 _cBOOK
980 _aNB